000
00448nam a2200133Ia 4500
008
100328s9999 xx 000 0 und d
082
_b
41548
100
_a
देशमुख श्रीकृष्ण द.
245
_a
बृहदारण्यकोपनिषद
260
_b
मोरया
630
_a
बृहदारण्यकोपनिषद
730
_a
बृहदारण्यकोपनिषद
942
_c
BOOK
999
_c
530126
_d
530123